000 01503nam a2200325 i 4500
001 000026271
003 DO-SdBNP
005 20250621074007.0
007 ta
008 110308s1997 dr c 000 0 spa d
040 _aDO-SdBNP
_bspa
_cBNPHU
_erda
049 _aBNPD
082 4 _a923.1
_bG993p
_222
100 1 _aGuzmán, Avelino,
_d1963-
_953301
_eautor
245 1 0 _aPresidentes dominicanos :
_bdesde Joaquín Balaguer hasta Leonel Fernández (1961-1996) /
_cAvelino Guzmán.
264 _aSantiago de los Caballeros, República Dominicana :
_bJérez,
_c1997.
300 _avolumen :
_bretratos;
_c22 cm.
336 _2rdacontent
_atexto
_btxt
337 _2rdamedia
_asin mediación
_bn
338 _2rdacarrier
_avolumen
_bnc
500 _aLa biblioteca posee el volumen 2
500 _aIncluye datos biográficos del autor en la contracubierta
504 _aBibliografía : p. 294-296
505 2 _aIntroducción --
_tJoaquín Antonio Balaguer Ricardo --
_tJuan Emilio Bosch Gaviño --
_tJosé Rafael Molina Ureña --
_t Francisco Alberto Caamaño Deño --
_tHéctor García-Godoy y Cáceres --
_tSilvestre Antonio Guzmán Fernández --
_tJacobo Majluta Azar --
_t Salvador Jorge Blanco --
_tLeonel Fernández Reyna --
_tBibliografía.
590 _aInventariado, 2024/BT
650 1 4 _aPresidentes
_zRepública Dominicana
_xBiografías
_91790
650 1 4 _aPresidentes
_zRepública Dominicana
_xHistoria
_96913
651 1 0 _aRepública Dominicana
_xPolítica y gobierno
_945
942 _2ddc
_cLBS1
999 _c25763
_d25763